Statistiques concernant Ligne 2 du métro de Paris

Cliquez ici pour prendre le quiz!

Statistiques générales

  • Ce quiz a été pris 1 469 fois
  • Le résultat moyen est 19 sur 25

Statistiques - réponses

#Réponse% Correct
25Nation
94%
1Porte Dauphine
90%
15Stalingrad
85%
11Pigalle
84%
3Charles de Gaulle - Etoile
83%
12Anvers
80%
13Barbès - Rochechouart
80%
16Jaurès
79%
21Père Lachaise
77%
8Rome
77%
14La Chapelle
76%
2Victor Hugo
76%
10Blanche
75%
9Place de Clichy
75%
7Villiers
73%
6Monceau
72%
4Ternes
72%
18Belleville
71%
5Courcelles
70%
24Avron
65%
20Ménilmontant
65%
23Alexandre Dumas
64%
17Colonel Fabien
64%
19Couronnes
62%
22Philippe Auguste
58%

Distribution des résultats

Percentile par nombre de réponses

% des personnes avec chaque résultat

Votre développement - résultats

Vous n’avez pas pris ce quiz